[Event "Wch U20 52nd"]
[Site "Kocaeli"]
[Date "2013.09.24"]
[Round "11"]
[White "Grandadam, Nicolas"]
[Black "Soysal, Serkan"]
[Result "1/2-1/2"]
[WhiteElo "2309"]
[BlackElo "2097"]
[PlyCount "60"]
[EventDate "2013.09.13"]
[EventType "swiss"]
[EventRounds "13"]
[EventCountry "TUR"]
[SourceTitle "CBM 156 Extra"]
[Source "ChessBase"]
[SourceDate "2013.10.22"]
[SourceVersion "1"]
[SourceVersionDate "2013.10.22"]
[SourceQuality "1"]

1. Nf3 Nf6 2. c4 g6 3. Nc3 d5 4. cxd5 Nxd5 5. Qb3 Nb6 6. d4 Bg7 7. Bf4 Be6 8. Qc2 Nc6 9. Rd1 Nb4 10. Qb1 N4d5 11. Be5 Nxc3 12. bxc3 0-0 13. e4 Bxe5 14. Nxe5 Qd6 15. Qc1 c5 16. Be2 cxd4 17. cxd4 Rfc8 18. Qh6 Rc2 19. h4 Qb4+ 20. Kf1 f6 21. Nd3 Qa5 22. d5 Bd7 23. Nf4 Qxa2 24. Re1 Nc4 25. Nxg6 hxg6 26. Qxg6+ Kh8 27. Qh6+ Kg8 28. Qg6+ Kh8 29. Qh6+ Kg8 30. Qg6+ Kh8 1/2-1/2